| 000 | 00799na a2200277 4500 | ||
|---|---|---|---|
| 001 | 13798 | ||
| 003 | MIRAKIL | ||
| 005 | 20181213154833.0 | ||
| 008 | 161003b tu 000 0 | ||
| 020 | _a9786055614652 | ||
| 035 | _a13798 | ||
| 040 |
_aMilas _btur _cTR-AnCHP |
||
| 041 | _atur | ||
| 082 |
_a923.43 İlhan,G. _bİ54a 2010 |
||
| 090 | _a923.43 İlhan,G. İ54a 2010 | ||
| 100 | _aİlhan, Cengiz | ||
| 245 |
_aAdliye koridorlarında _bAnılar, izlenimler _cCengiz İlhan |
||
| 260 |
_aAnkara _bTürkiye Barolar Birliği _c2010 |
||
| 300 |
_a186 s. _c21 sm. |
||
| 440 |
_aTürkiye Barolar Birliği Yayınları _v185 |
||
| 490 |
_aKültür dizisi _v8 |
||
| 600 |
_aİlhan, Cengiz _xAnılar |
||
| 650 |
_aAvukatlar _xAnılar _zTürkiye |
||
| 650 |
_aHukuk _xAnılar |
||
| 942 |
_2ddc _cBKS |
||
| 999 |
_c1737 _d1737 |
||